Phân tích ảnh hưởng của chương trình tín dụng chính sách đối với thu nhập của hộ dân tộc Khmer tại tỉnh Sóc Trăng : Luận văn tốt nghiệp Cao học. Chuyên ngành Tài chính - Ngân hàng

Nghiên cứu nhằm đánh giá thực trạng chương trình tín dụng chính sách, phân tích ảnh hưởng của chương trình tín dụng chính sách đối với thu nhập của các hộ dân tộc Khmer tại tỉnh Sóc Trăng.

Na minha lista:
Detalhes bibliográficos
Autor principal: Phí, Thị Đan Thanh
Formato: Livro
Idioma:Undetermined
Publicado em: Cần Thơ Trường Đại Học Cần Thơ 2019
Assuntos:
Tags: Adicionar Tag
Sem tags, seja o primeiro a adicionar uma tag!
Thư viện lưu trữ: Trung tâm Học liệu Trường Đại học Cần Thơ
LEADER 01141nam a2200205Ia 4500
001 CTU_231476
008 210402s9999 xx 000 0 und d
082 |a 332.7 
082 |b Th107 
088 |a 8340201 
100 |a Phí, Thị Đan Thanh 
245 0 |a Phân tích ảnh hưởng của chương trình tín dụng chính sách đối với thu nhập của hộ dân tộc Khmer tại tỉnh Sóc Trăng : 
245 0 |b Luận văn tốt nghiệp Cao học. Chuyên ngành Tài chính - Ngân hàng 
245 0 |c Phí Thị Đan Thanh ; Huỳnh Trường Huy (Cán bộ hướng dẫn) 
260 |a Cần Thơ 
260 |b Trường Đại Học Cần Thơ 
260 |c 2019 
520 |a Nghiên cứu nhằm đánh giá thực trạng chương trình tín dụng chính sách, phân tích ảnh hưởng của chương trình tín dụng chính sách đối với thu nhập của các hộ dân tộc Khmer tại tỉnh Sóc Trăng. 
650 |a Tín dụng,Credit 
980 |a Trung tâm Học liệu Trường Đại học Cần Thơ